Detail : (Record no. 354060)
[ view plain ]
| 000 -LEADER | |
|---|---|
| fixed length control field | 01033nam a2200265 a 4500 |
| 001 - CONTROL NUMBER | |
| control field | ASINB0045VLX1K |
| 003 - CONTROL NUMBER IDENTIFIER | |
| control field | OSt |
| 005 - DATE AND TIME OF LATEST TRANSACTION | |
| control field | 20180116192425.0 |
| 008 - FIXED-LENGTH DATA ELEMENTS--GENERAL INFORMATION | |
| fixed length control field | 150211s2004 xxu eng d |
| 020 ## - INTERNATIONAL STANDARD BOOK NUMBER | |
| International Standard Book Number | 00119571 |
| 040 ## - CATALOGING SOURCE | |
| Transcribing agency | 0 |
| 082 ## - DEWEY DECIMAL CLASSIFICATION NUMBER | |
| Classification number | 720 |
| 245 10 - TITLE STATEMENT | |
| Title | Detail : |
| Statement of responsibility, etc. | Christian (Ed.) Schittich. |
| Remainder of title | Rewiew of architecture,Roof structures,Large structures,Interiors and lighting. |
| 246 ## - VARYING FORM OF TITLE | |
| Title proper/short title | Detail - zeitschrift fur architektur + baudetail / 44. serie 2004, 12 / dezember 2004 / |
| 250 ## - EDITION STATEMENT | |
| Edition statement | First Edition. |
| 260 ## - PUBLICATION, DISTRIBUTION, ETC. | |
| Place of publication, distribution, etc. | Bostan : |
| Name of publisher, distributor, etc. | Munchen: Institut fur Architektur-Dokumentation GmbH & Co., |
| Date of publication, distribution, etc. | 2004. |
| 300 ## - PHYSICAL DESCRIPTION | |
| Extent | 3 v. (unpaged) |
| 440 ## - SERIES STATEMENT/ADDED ENTRY--TITLE | |
| Title | Revued architecture |
| Number of part/section of a work | Three port of section |
| Name of part/section of a work | SADA1.Roof structures 2.Large structures 3.Interiors and lighting. |
| Volume/sequential designation | 3 volumes |
| International Standard Serial Number | 00119571 |
| 9 (RLIN) | 8011 |
| 490 1# - SERIES STATEMENT | |
| Series statement | No. |
| 650 ## - SUBJECT ADDED ENTRY--TOPICAL TERM | |
| Topical term or geographic name entry element | Architecture |
| 9 (RLIN) | 8012 |
| 700 1# - ADDED ENTRY--PERSONAL NAME | |
| Personal name | Schittich, Christian |
| 9 (RLIN) | 8009 |
| 830 #0 - SERIES ADDED ENTRY--UNIFORM TITLE | |
| Uniform title | No. |
| 9 (RLIN) | 8010 |
| 856 40 - ELECTRONIC LOCATION AND ACCESS | |
| Materials specified | Amazon.com |
| Uniform Resource Identifier | <a href="http://www.amazon.com/exec/obidos/ASIN/B0045VLX1K/chopaconline-20">http://www.amazon.com/exec/obidos/ASIN/B0045VLX1K/chopaconline-20</a> |
| 942 ## - ADDED ENTRY ELEMENTS (KOHA) | |
| Source of classification or shelving scheme | |
| Koha item type | Book |
| Withdrawn status | Lost status | Source of classification or shelving scheme | Damaged status | Not for loan | Permanent Location | Current Location | Date acquired | Total Checkouts | Total Renewals | Full call number | Barcode | Date last seen | Date last checked out | Copy number | Cost, replacement price | Price effective from | Koha item type |
|---|---|---|---|---|---|---|---|---|---|---|---|---|---|---|---|---|---|
| School of Art Design and Architecture (SADA) | School of Art Design and Architecture (SADA) | 02/11/2015 | 2 | 1 | 720 DET 2004 | SADA0002445 | 03/25/2016 | 03/25/2016 | 01 | 1308.80 | 02/12/2015 | Book | |||||
| School of Art Design and Architecture (SADA) | School of Art Design and Architecture (SADA) | 02/11/2015 | 2 | 2 | 720 DET 2008 | SADA0002446 | 11/04/2015 | 10/14/2015 | 01 | 1308.80 | 02/12/2015 | Book | |||||
| School of Art Design and Architecture (SADA) | School of Art Design and Architecture (SADA) | 02/11/2015 | 1 | 2 | 720 DET 2014 | SADA0002447 | 07/30/2015 | 05/18/2015 | 01 | 1308.80 | 02/12/2015 | Book |
